• 首页
  • 本馆介绍
  • 公告通知
  • 最新文献
  • 馆藏检索
  • 电子资源
  • 读者导购
  • 参考咨询
  • 我的图书馆
  • 登录
  • 详细信息显示
  • 放入我的书架
  • 预约/预借图书
  • 作者相关作品
  • 分类相关作品
  • 丛书相关作品
  • 出版社相关作品

书目信息

  • 表格格式
  • 工作单格式
  • 卡片格式
题名:
两周土地制度新论
    
 
作者: 袁林 著
分册:  
出版信息: 长春   东北师范大学出版社  2000
页数: 403页
开本: 20cm
丛书名: 中华古文明书系
单 册:
中图分类: F329.02
科图分类:
主题词: 土地制度--研究--中国--周代
电子资源:
ISBN: 7-5602-2518-7
000 00626nam0 2200217 45
001 0204291579
005 20031219104055.4
010    @a7-5602-2518-7@dCNY18.00
100    @a20020429d2000 km y0chiy0120 ea
101 0  @achi
105    @a z 000yy
200 1  @a两周土地制度新论@ALiang Zhou Tu Di Zhi Du Xin Lun@f袁林著@FYuan Lin Zhu
210    @a长春@c东北师范大学出版社@d2000
215    @a403页@d20cm
225    @a中华古文明书系
410    @12001 @a中华古文明书系
606 0  @a土地制度@x研究@y中国@z周代
690    @aF329.02@v4
701  0 @a袁林@4著
801    @aCN@bTSTC@c20020429
905    @b309662-664@dF329.02@e33@f3
    
    两周土地制度新论/袁林著.-长春:东北师范大学出版社,2000
    403页;20cm.-(中华古文明书系)
    
    
    ISBN 7-5602-2518-7:CNY18.00
    
●
相关链接 在E读中查询图书 在五车中查询图书 在当当中查询图书 在豆瓣中查询图书


正题名:两周土地制度新论     索取号:F329.02/33         预约/预借

序号 登录号 条形码 馆藏地/架位号 状态 备注
1 0309662   203096620   第一借阅区/ [索取号:F329.02/33] 在馆    
2 0309663   203096639   第一借阅区/ [索取号:F329.02/33] 在馆    
3 0309664   203096648   第一样本阅览室/ [索取号:F329.02/33] 在馆    
唐山师范学院图书馆 欢迎您!
大连网信软件有限公司© 版权所有